00317nam a2200133Ia 4500008004100000082001300041100001700054245002400071250000800095260003200103300001200135500002400147650001200171230524s9999 xx 000 0 und d a406bSWA aMichael Swan 0aBasic English Usage a1ST aNEW DELHIbOxford Pubc2004 aVII;370 aQuantity Number: 2 aEnglish